Food process engineering operations / (Record no. 14088)
[ view plain ]
| 000 -LEADER | |
|---|---|
| fixed length control field | 01345cam a2200229 a 4500 |
| 003 - CONTROL NUMBER IDENTIFIER | |
| control field | OSt |
| 008 - FIXED-LENGTH DATA ELEMENTS--GENERAL INFORMATION | |
| fixed length control field | 220122b ||||| |||| 00| 0 eng d |
| 020 ## - INTERNATIONAL STANDARD BOOK NUMBER | |
| ISBN | 9781420083538 (hbk. : acid-free paper) |
| 082 00 - DEWEY DECIMAL CLASSIFICATION NUMBER | |
| Classification number | 664.02 |
| Item number | SAR/FO |
| 100 1# - MAIN ENTRY--AUTHOR NAME | |
| Personal name | Saravacos, George D., |
| 245 10 - TITLE STATEMENT | |
| Title | Food process engineering operations / |
| 260 ## - PUBLICATION, DISTRIBUTION, ETC. (IMPRINT) | |
| Place of publication | Boca Raton : |
| Name of publisher | CRC Press, |
| Year of publication | c2011. |
| 300 ## - PHYSICAL DESCRIPTION | |
| Number of Pages | xxvii, 566 p. : |
| Other physical details | ill. ; |
| 490 1# - SERIES STATEMENT | |
| Series statement | Contemporary food engineering |
| 505 ## - FORMATTED CONTENTS NOTE | |
| Formatted contents note | chapter1 Introduction <br/> 2 Transport Phenomena<br/> 3 Thermodynamics and Kinetics<br/> 4 Overview of Food Process Technology<br/> 5 Engineering Properties of Foods<br/> 6 Fluid Flow Operations<br/> 7 Mechanical Processing Operations<br/> 8 Heat Transfer Operations<br/> 9Thermal Processing Operations<br/> 10Evaporation Operations<br/> 11Drying Operations<br/> 12 Refrigeration and Freezing Operations<br/> 13 Mass Transfer Operations<br/> 14 Novel Food Process Operations<br/> 15 Elements of Food Packaging Operations<br/> 16 Spreadsheet Applications<br/><br/> |
| 650 #0 - SUBJECT ADDED ENTRY--TOPICAL TERM | |
| Topical Term | Food industry and trade. |
| 650 #0 - SUBJECT ADDED ENTRY--TOPICAL TERM | |
| Topical Term | Processed foods. |
| 650 #0 - SUBJECT ADDED ENTRY--TOPICAL TERM | |
| Topical Term | Food handling. |
| 650 #0 - SUBJECT ADDED ENTRY--TOPICAL TERM | |
| Topical Term | Agricultural processing. |
| 700 1# - ADDED ENTRY--PERSONAL NAME | |
| Personal name | Maroulis, Zacharias B., |
| 942 ## - ADDED ENTRY ELEMENTS (KOHA) | |
| Koha item type | Books |
| Withdrawn status | Lost status | Damaged status | Collection code | Home library | Current library | Shelving location | Date acquired | Full call number | Accession Number | Koha item type |
|---|---|---|---|---|---|---|---|---|---|---|
| Reference | KAUAET | KAUAET | Reference1 | 28/03/2014 | 664.02 SAR/FO | 23771 | Reference | |||
| KAUAET | KAUAET | General Stacks | 28/07/2016 | 664.02 SAR/FO | 24734 | Books | ||||
| KAUAET | KAUAET | General Stacks | 28/07/2016 | 664.02 SAR/FO | 24735 | Books | ||||
| KAUAET | KAUAET | General Stacks | 28/07/2016 | 664.02 SAR/FO | 24736 | Books |
